000 01974cam a2200469 a 4500
001 ocm21873696
003 TZ-ArACH
005 2012020903323.0
008 900524s1990 enk b 001 0 eng
010 _a 90038320
020 _a019825217X
020 _a9780198252177
035 _a(OCoLC)21873696
040 _aDLC
_cTZ-ArACH
_dFCI
_dMUQ
_dBAKER
_dBTCTA
_dYDXCP
_dOCLCG
_dKIJ
041 1 _aeng
_hger
049 _aTZAA
050 0 0 _aK230.K44
_bA4413
082 0 0 _a340/.1
_220
100 1 _aKelsen, Hans,
_d1881-1973.
_94236
240 1 0 _aAllgemeine Theorie der Normen.
_lEnglish
245 1 0 _aGeneral theory of norms /
_cHans Kelsen ; translated by Michael Hartney.
260 _aOxford [England] :
_bClarendon Press ;
_aNew York :
_bOxford University Press,
_c1991.
300 _alx, 465 p. ;
_c24 cm.
500 _aTranslation of: Allgemeine Theorie der Norman.
504 _aIncludes bibliographical references (p. [430]-439) and index.
546 _aTranslation of: Allgemeine Theorie der Normen.
650 0 _aLaw
_xPhilosophy.
_94237
650 0 _aLaw
_xInterpretation and construction.
_94238
650 0 _aLaw and ethics.
_94239
650 0 _aJurisprudence.
_94240
650 7 _aDroit
_xPhilosophie.
_2ram
_94241
650 7 _aDroit
_xInterprétation.
_2ram
_94242
650 7 _aDroit et morale.
_2ram
_94243
650 7 _aJurisprudence.
_2ram
_94244
650 6 _aDroit et morale.
_94245
650 6 _aDroit
_xPhilosophie.
_94246
650 6 _aDroit
_xInterprétation.
_94247
776 0 8 _iOnline version:
_aKelsen, Hans, 1881-1973.
_sAllgemeine Theorie der Normen. English.
_tGeneral theory of norms.
_dOxford [England] : Clarendon Press ; New York : Oxford University Press, 1991
_w(OCoLC)756447687
856 4 2 _3Publisher description
_uhttp://catdir.loc.gov/catdir/enhancements/fy0636/90038320-d.html
942 _2lcc
_cBOOK
999 _c1542
_d1542